000 01346nam a22003617a 4500
003 CHAP
005 20220329143625.0
008 101020s2008 mx r 00010 spa d
010 _a99485
011 _a100457
035 _a111143
040 _cCHAP
090 _aTesis
100 1 _aValdovinos Rodríguez, Luis Alfonso.
_9117390
245 1 0 _aEvaluación de sustratos sobre la incubación artificial de huevos de iguana negra (Ctenosaura pectinata) en la región norte del Estado de Guerrero
_c/por Luis Alfonso Valdovinos Rodríguez
260 _aCocula, Gro. :
_bEl autor,
_c2008
300 _aiv, 51 h. :
_bilus., cuadros, gráfs.
502 _aTesis (Ing. Agr. Zootecnista) -- CSAEGRO. Centro de Estudios Profesionales
590 _aALEPH
_b10
_c20130110
_lUCH01
_h1536
590 _aBATCH-UPD
_b10
_c20130110
_lUCH01
_h0930
590 _aBATCH-UPD
_b10
_c20130410
_lUCH01
_h0550
590 _aBATCH-UPD
_b10
_c20130914
_lUCH01
_h1334
590 _aCONVERSION
_b10
_c20130109
_lUCH01
_h1355
650 1 4 _aEvaluación.
_938913
650 1 4 _aHuevos
_xIncubabilidad.
_956747
650 1 4 _aIguanas
_xCría de.
_957363
650 1 4 _aIncubación.
_957534
650 1 4 _aReptiles
_xGuerrero.
_996041
650 1 4 _aSustratos.
_9110789
901 _aBK
942 _cTESIS
949 _aTesis
_bBC
_cTES
_d33724002109231
_eTS1
_gDonaciØn
_h51152
_i111143
_sb
999 _c99485
_d99485